000 00379nam a22001577a 4500
003 MPLRDC
005 20220104125055.0
008 210129b ||||| |||| 00| 0 eng d
082 _a857.9 GL-29 v.2 c.2
100 _a古龙
245 _a飘花看剑录. 二
_c
260 _a
_b武功出版社
_c
300 _b
650 _a武侠小说
942 _cBK
_o857.9 GL-29 v.2 c.2
999 _c24442
_d24432